[Event "I Open"]
[Site "Omegna ITA"]
[Date "2013.07.05"]
[Round "3"]
[White "Penna, Tommaso"]
[Black "Boschetti, Claudio"]
[WhiteElo "1947"]
[BlackElo "2134"]
[Result "1/2-1/2"]
[PlyCount "58"]
[EventDate "2013.07.04"]

1. d4 c5 2. d5 e5 3. e4 d6 4. Nc3 Nf6 5. Nf3 Be7 6. Be2 Na6 7. O-O O-O 8. Nd2
Ne8 9. Nc4 Nac7 10. a4 b6 11. b3 Ba6 12. Ne3 g6 13. Bxa6 Nxa6 14. Qe2 Nac7 15.
Bb2 Ng7 16. Rae1 f5 17. exf5 gxf5 18. f4 e4 19. Kh1 h5 20. Nxe4 fxe4 21. Bxg7
Kxg7 22. Qxh5 Qd7 23. f5 Rf6 24. Ng4 Nxd5 25. Nxf6 Nxf6 26. Qg6+ Kf8 27. Qh6+
Kf7 28. Qg6+ Kf8 29. Qh6+ Kf7 1/2-1/2

[Event "I Open"]
[Site "Omegna ITA"]
[Date "2013.07.05"]
[Round "3"]
[White "Rizzi, Pietro"]
[Black "Giovarruscio, Gabriele"]
[WhiteElo "1582"]
[BlackElo "1715"]
[Result "1/2-1/2"]
[PlyCount "137"]
[EventDate "2013.07.04"]

1. e4 c6 2. d4 d5 3. Nc3 dxe4 4. Nxe4 Bf5 5. Ng3 Bg6 6. h4 h6 7. Nf3 Nd7 8. h5
Bh7 9. Bd3 Bxd3 10. Qxd3 e6 11. Bd2 Ngf6 12. O-O-O Be7 13. Ne4 Nxe4 14. Qxe4
Nf6 15. Qe2 Qd5 16. c4 Qe4 17. Rde1 Qxe2 18. Rxe2 O-O 19. Bc3 Rfc8 20. Ne5 b5
21. g4 bxc4 22. f3 Nd5 23. Re4 Bb4 24. Kc2 Rab8 25. Rg1 Rc7 26. f4 f5 27. Ree1
Nxf4 28. Ng6 Nxg6 29. hxg6 fxg4 30. Rxg4 Re7 31. Rf4 Bd6 32. Rf3 Rf8 33. Ref1
Rxf3 34. Rxf3 c5 35. dxc5 Bxc5 36. Be5 Rd7 37. Rc3 Rd5 38. Bb8 Rd4 39. Rg3 Re4
40. Rg2 Kf8 41. Rg3 Re2+ 42. Kc3 Re3+ 43. Rxe3 Bxe3 44. Kxc4 Ke7 45. Kd3 Bf2
46. Be5 Kf8 47. Ke2 Bc5 48. a4 Be7 49. Kf3 Bf6 50. Bd6+ Ke8 51. b4 Kd7 52. Bc5
a6 53. b5 axb5 54. axb5 e5 55. b6 Kc6 56. Be3 Kb7 57. Kg4 Bd8 58. Kf5 Bf6 59.
Bxh6 Kxb6 60. Ke6 e4 61. Kf7 gxh6 62. Kxf6 e3 63. g7 e2 64. g8=Q e1=Q 65. Qb8+
Kc6 66. Qc8+ Kb6 67. Qb8+ Kc6 68. Qc8+ Kb6 69. Qb8+ 1/2-1/2

[Event "I Open"]
[Site "Omegna ITA"]
[Date "2013.07.05"]
[Round "3"]
[White "Siclari, Giovanni"]
[Black "Angelini, Marco"]
[WhiteElo "2054"]
[BlackElo "2265"]
[Result "0-1"]
[PlyCount "90"]
[EventDate "2013.07.04"]

1. Nf3 Nf6 2. c4 e6 3. Nc3 d5 4. d4 dxc4 5. e4 a6 6. e5 Nd5 7. Bg5 Be7 8. Bxe7
Nxe7 9. Bxc4 b5 10. Bd3 Bb7 11. O-O Nd7 12. Ne4 Nd5 13. Rc1 Qe7 14. Bb1 O-O 15.
Qc2 g6 16. Nfd2 Rac8 17. Nb3 Ba8 18. Nbc5 Nxc5 19. Qxc5 Qh4 20. Qa3 Nf4 21.
Rfe1 Kg7 22. Qg3 Qh6 23. Qe3 Rfd8 24. f3 Rxd4 25. g3 Nh3+ 26. Kg2 Qxe3 27. Rxe3
Bxe4 28. Rxe4 Rxe4 29. fxe4 Ng5 30. h4 Rd8 31. hxg5 Rd2+ 32. Kf3 Rxb2 33. a4 c5
34. axb5 axb5 35. Bc2 c4 36. Bd1 Kf8 37. Be2 Rb3+ 38. Kf4 c3 39. Ke3 b4 40. Ra1
Rb2 41. Ra8+ Kg7 42. Bc4 c2 43. Kd2 b3 44. Bd3 Rb1 45. Rb8 Rd1+ 0-1

[Event "I Open"]
[Site "Omegna ITA"]
[Date "2013.05.06"]
[Round "4"]
[White "Agnello, Francesco Claudio"]
[Black "Patrignani, Tiziano"]
[WhiteElo "1735"]
[BlackElo "1542"]
[Result "1-0"]
[PlyCount "45"]
[EventDate "2013.07.04"]

1. d4 d5 2. e3 e6 3. Nd2 Nf6 4. Ngf3 Nbd7 5. Bd3 Bd6 6. b3 O-O 7. Bb2 Re8 8.
Ne5 c6 9. O-O Qc7 10. f4 c5 11. c4 cxd4 12. exd4 b6 13. Rc1 Qd8 14. Nc6 Qc7 15.
cxd5 Nxd5 16. Ne7+ Rxe7 17. Rxc7 Bxc7 18. Qf3 Bxf4 19. Ba3 Re8 20. g3 Bxd2 21.
Qxf7+ Kh8 22. Qxe8+ Nf8 23. Rxf8# 1-0

[Event "I Open"]
[Site "Omegna ITA"]
[Date "2013.07.06"]
[Round "4"]
[White "Angelini, Marco"]
[Black "Luciani, Valerio"]
[WhiteElo "2265"]
[BlackElo "2260"]
[Result "1/2-1/2"]
[PlyCount "42"]
[EventDate "2013.07.04"]

1. e4 e6 2. Nf3 d5 3. Nc3 Nf6 4. e5 Nfd7 5. d4 a6 6. Bf4 c5 7. dxc5 Nxc5 8. Qd2
Nc6 9. h4 b5 10. a3 b4 11. axb4 Nxb4 12. Nd4 Bd7 13. h5 Be7 14. Be2 O-O 15. O-O
Nc6 16. Nxc6 Bxc6 17. Bf3 Nd7 18. Ne2 Bb5 19. Rfe1 Bxe2 20. Qxe2 Rb8 21. c3 a5
1/2-1/2

[Event "I Open"]
[Site "Omegna ITA"]
[Date "2013.07.06"]
[Round "4"]
[White "Benenati, Gianfranco"]
[Black "Recanatini, Italo"]
[WhiteElo "1855"]
[BlackElo "1811"]
[Result "1/2-1/2"]
[PlyCount "148"]
[EventDate "2013.07.04"]

1. e4 d5 2. e5 Bf5 3. d4 e6 4. Bd3 Bg6 5. Nf3 c5 6. c3 cxd4 7. cxd4 Bb4+ 8. Nc3
Bxd3 9. Qxd3 a6 10. O-O Bxc3 11. Qxc3 Nc6 12. Bg5 Nge7 13. Qb3 Qd7 14. Rac1 O-O
15. Qb6 Rac8 16. Rc3 h6 17. Bd2 Qc7 18. Qb3 Qb8 19. Rfc1 Na7 20. Rc5 b6 21.
Rxc8 Rxc8 22. Rxc8+ Nexc8 23. Qc2 Ne7 24. Bb4 Qc8 25. Qxc8+ Nexc8 26. Kf1 a5
27. Bd2 Nc6 28. Ke2 b5 29. Kd3 Nb6 30. b3 Nd7 31. Ng1 g5 32. g3 Kg7 33. Ne2 b4
34. g4 f6 35. exf6+ Kxf6 36. f4 gxf4 37. Bxf4 e5 38. Bxh6 Kg6 39. Be3 e4+ 40.
Kd2 Nb6 41. h4 a4 42. Kc2 Na5 43. Bd2 Nc6 44. bxa4 Nc4 45. Bf4 N6a5 46. Bc1 Nc6
47. Kb3 N4a5+ 48. Kc2 Nc4 49. Bf4 N6a5 50. Be5 Ne3+ 51. Kc1 Nxg4 52. Nf4+ Kf5
53. Nxd5 Nxe5 54. dxe5 Kxe5 55. Nxb4 Kf5 56. Nd5 Kg4 57. Nf6+ Kxh4 58. Nxe4 Kg4
59. Kc2 Kf5 60. Kd3 Ke5 61. Nd2 Kd5 62. Kc3 Kc5 63. Nb3+ Kb6 64. Nd4 Nc6 65.
Ne6 Ka5 66. Kb3 Nb4 67. a3 Nd5 68. Nd4 Ne3 69. Nc6+ Kb6 70. Ne5 Ka5 71. Nd7 Nf5
72. Nc5 Ne3 73. Nb7+ Kb6 74. Nd6 Nd5 1/2-1/2

[Event "I Open"]
[Site "Omegna ITA"]
[Date "2013.07.06"]
[Round "4"]
[White "Buzio, Alberto"]
[Black "Bargeri, Ludovico"]
[WhiteElo "1863"]
[BlackElo "2054"]
[Result "0-1"]
[PlyCount "106"]
[EventDate "2013.07.04"]

1. e4 e6 2. d4 d5 3. Nc3 Bb4 4. e5 c5 5. a3 Bxc3+ 6. bxc3 Qa5 7. Bd2 Qa4 8. Rb1
a6 9. dxc5 Nc6 10. Be3 Qxa3 11. Bd4 Qa5 12. Nf3 Nxd4 13. Qxd4 Ne7 14. Qb4 Nc6
15. Qxa5 Nxa5 16. Nd4 Bd7 17. Ra1 Nc6 18. f4 Rc8 19. Bd3 O-O 20. Rf1 Rfe8 21.
Kd2 Ne7 22. Rfb1 Rc7 23. g4 Bc8 24. Ra5 Nc6 25. Nxc6 Rxc6 26. Rb6 Rc7 27. Rd6
Bd7 28. h4 f6 29. Ke3 fxe5 30. fxe5 Re7 31. Rb6 Bc6 32. Rb4 Rf7 33. Rd4 Rf8 34.
Rf4 Rxf4 35. Kxf4 Rf7+ 36. Kg3 d4 37. cxd4 Rf3+ 38. Kh2 Rf4 39. Kg3 Rxd4 40. h5
Ra4 41. Rxa4 Bxa4 42. Bc4 Kf7 43. Bb3 Bxb3 44. cxb3 Ke7 45. Kf4 h6 46. Ke4 Kd7
47. Kd4 Kc6 48. Kc4 a5 49. b4 axb4 50. Kxb4 Kd5 51. Kb5 Kxe5 52. Kb6 Kd5 53.
Kb5 e5 0-1

[Event "I Open"]
[Site "Omegna ITA"]
[Date "2013.07.06"]
[Round "4"]
[White "Crolla, Roberto"]
[Black "Franchetti Pardo, Niccolo'"]
[WhiteElo "1451"]
[BlackElo "1514"]
[Result "1/2-1/2"]
[PlyCount "77"]
[EventDate "2013.07.04"]

1. d4 d5 2. c4 e6 3. Nf3 Nf6 4. Bg5 Be7 5. e3 O-O 6. Nc3 c5 7. cxd5 Nxd5 8.
Bxe7 Qxe7 9. dxc5 Nxc3 10. bxc3 Qxc5 11. Qc2 Nd7 12. Bd3 Nf6 13. O-O h6 14.
Rab1 b6 15. Rfd1 Bb7 16. e4 Rac8 17. c4 Ng4 18. h3 Ne5 19. Nxe5 Qxe5 20. a4 Rc5
21. Rb5 Rfc8 22. f3 Ba6 23. Rxc5 Qxc5+ 24. Kh2 Bxc4 25. Qxc4 Qxc4 26. Bxc4 Rxc4
27. Rd8+ Kh7 28. Rd7 Rxa4 29. Rxf7 Kg6 30. Rb7 Kf6 31. Kh1 Ra2 32. Kg1 g6 33.
h4 g5 34. h5 e5 35. Rh7 b5 36. Rxh6+ Kf7 37. Rh7+ Kg8 38. Rb7 a6 39. Rb6
1/2-1/2

[Event "I Open"]
[Site "Omegna ITA"]
[Date "2013.07.06"]
[Round "4"]
[White "Cuttaia, Giacinto"]
[Black "Montilli, Vincenzo"]
[WhiteElo "1811"]
[BlackElo "2015"]
[Result "0-1"]
[PlyCount "78"]
[EventDate "2013.07.04"]

1. e4 c5 2. Nf3 d6 3. g3 Nf6 4. d3 Nc6 5. Bg2 g6 6. O-O Bg7 7. Re1 e5 8. c3 Bg4
9. h3 Bxf3 10. Qxf3 O-O 11. Nd2 b5 12. Nf1 h6 13. g4 Nd7 14. Qg3 b4 15. Ne3
bxc3 16. bxc3 Nb6 17. Rf1 Na5 18. h4 c4 19. Rd1 cxd3 20. Rxd3 Qc7 21. Rb1 Rfd8
22. h5 g5 23. Qf3 Nac4 24. Nf5 Bf8 25. Qd1 Rab8 26. Rb3 Nd7 27. Rb4 a5 28. Rxc4
Qxc4 29. Rxd6 Bxd6 30. Nxh6+ Kg7 31. Bxg5 Bc5 32. Nf5+ Kh7 33. Qc1 Qxa2 34. Kh2
Rb1 35. Qd2 Qxd2 36. Bxd2 Bxf2 37. Bg5 f6 38. Be3 Bxe3 39. Nxe3 a4 0-1

[Event "I Open"]
[Site "Omegna ITA"]
[Date "2013.07.06"]
[Round "4"]
[White "Fischetti, Luciano"]
[Black "Fattorelli, Luciano"]
[WhiteElo "1585"]
[BlackElo "1932"]
[Result "0-1"]
[PlyCount "80"]
[EventDate "2013.07.04"]

1. Nf3 c5 2. g3 d5 3. e3 Nc6 4. d4 Nf6 5. Nc3 Bg4 6. Be2 e6 7. Ne5 Nxe5 8. dxe5
Bxe2 9. Qxe2 Nd7 10. f4 a6 11. Bd2 b5 12. a3 Be7 13. Na2 O-O 14. Bc3 Qb6 15.
Rd1 a5 16. b3 b4 17. Bb2 a4 18. Nc1 axb3 19. axb4 bxc2 20. Qxc2 Qxb4+ 21. Bc3
Qc4 22. Qd3 Nb6 23. Qxc4 Nxc4 24. Kf2 Ra3 25. Ne2 Rb8 26. Rb1 Rab3 27. Rbc1 Nb2
28. Bxb2 Rxb2 29. Kf3 Kf8 30. h4 h5 31. Nc3 c4 32. Rhd1 R2b3 33. Rb1 Bc5 34.
Rdc1 Rxb1 35. Rxb1 Rxb1 36. Nxb1 Bb4 37. Ke2 Ke7 38. Kd1 g6 39. Ke2 Kd7 40. Kf3
c3 0-1

[Event "I Open"]
[Site "Omegna ITA"]
[Date "2013.07.06"]
[Round "4"]
[White "Frignani, Alessandro"]
[Black "Rizzi, Pietro"]
[WhiteElo "1401"]
[BlackElo "1582"]
[Result "0-1"]
[PlyCount "56"]
[EventDate "2013.07.04"]

1. e4 c6 2. d4 d5 3. e5 c5 4. f4 Bf5 5. c3 c4 6. b4 cxb3 7. Qxb3 b6 8. Bb5+ Nd7
9. Qxd5 Rc8 10. c4 Be6 11. Bxd7+ Qxd7 12. Qxd7+ Bxd7 13. Nd2 e6 14. a3 Ne7 15.
g4 Bc6 16. Ngf3 Bxf3 17. Nxf3 Rxc4 18. Be3 Nd5 19. Bd2 Be7 20. a4 Bb4 21. f5
O-O 22. Rc1 Bxd2+ 23. Kxd2 Rxa4 24. Rc2 h6 25. Rhc1 b5 26. Rc6 b4 27. Kd3 Ra3+
28. Ke4 Re3# 0-1

[Event "I Open"]
[Site "Omegna ITA"]
[Date "2013.07.06"]
[Round "4"]
[White "Giovarruscio, Gabriele"]
[Black "Lugli, Andrea"]
[WhiteElo "1715"]
[BlackElo "1762"]
[Result "0-1"]
[PlyCount "84"]
[EventDate "2013.07.04"]

1. d4 d5 2. c4 c6 3. Nf3 Nf6 4. Nc3 Bf5 5. e3 e6 6. Be2 dxc4 7. Bxc4 Be7 8. O-O
Bg6 9. Be2 Nbd7 10. e4 O-O 11. h3 Bh5 12. Be3 Qb6 13. Qc2 Qa5 14. a3 Rfc8 15.
b4 Qd8 16. Rfd1 a5 17. Rab1 axb4 18. axb4 Bg6 19. Nh4 Bxe4 20. Nxe4 Nxe4 21.
Qxe4 Bxh4 22. Bd3 g6 23. g3 Bf6 24. g4 Nb6 25. b5 Ra4 26. bxc6 bxc6 27. Bc2
Raa8 28. Qf3 Nd5 29. Rf1 Rcb8 30. Rbc1 Kg7 31. Be4 Qd6 32. g5 Bd8 33. h4 Bc7
34. Qg2 Ra2 35. Bxd5 cxd5 36. Rc5 Bb6 37. Rb5 Bc7 38. Rxb8 Bxb8 39. Rc1 e5 40.
Qg3 Ra5 41. Kg2 e4 42. Bf4 Qxf4 0-1

[Event "I Open"]
[Site "Omegna ITA"]
[Date "2013.07.06"]
[Round "4"]
[White "Machlik, Edit"]
[Black "Mottonen, Ari"]
[WhiteElo "1810"]
[BlackElo "1989"]
[Result "0-1"]
[PlyCount "88"]
[EventDate "2013.07.04"]

1. e4 e6 2. d4 d5 3. Nc3 Nf6 4. e5 Nfd7 5. f4 c5 6. Nf3 Nc6 7. Be3 Qb6 8. dxc5
Bxc5 9. Bxc5 Nxc5 10. Rb1 O-O 11. a3 Ne4 12. Nxe4 dxe4 13. Ng1 Qe3+ 14. Ne2 f6
15. exf6 Rxf6 16. Qc1 Qb6 17. c4 e5 18. c5 Qc7 19. Nc3 Be6 20. Nxe4 Rxf4 21.
Qe3 Raf8 22. Bd3 Qe7 23. Rc1 Kh8 24. Rc2 Bd5 25. Nc3 Qf7 26. Nxd5 Qxd5 27. Rd2
Qe6 28. Rf1 Rxf1+ 29. Bxf1 Qg4 30. Qe2 Qh4+ 31. g3 Qg5 32. Bg2 Qe7 33. Bxc6
bxc6 34. Rd6 Qg5 35. Kd1 e4 36. b4 Qe5 37. Qa2 e3 38. Rxc6 e2+ 39. Qxe2 Qd5+
40. Kc2 Qxc6 41. Qe7 Re8 42. Qxa7 Qf3 43. Qa6 Re2+ 44. Qxe2 Qxe2+ 0-1

[Event "I Open"]
[Site "Omegna ITA"]
[Date "2013.07.06"]
[Round "4"]
[White "Maffeo, Mauro"]
[Black "Lilja, Olavi Jouko"]
[WhiteElo "1724"]
[BlackElo "1545"]
[Result "1-0"]
[PlyCount "73"]
[EventDate "2013.07.04"]

1. d4 d5 2. f4 Nf6 3. Nf3 Nc6 4. e3 Bf5 5. a3 a6 6. Bd3 Be4 7. O-O h6 8. Nbd2
e6 9. b3 Be7 10. Bb2 Ng4 11. Qe1 Bxf3 12. Nxf3 Qd6 13. Ne5 f5 14. c4 Ngxe5 15.
fxe5 Qd8 16. Rd1 O-O 17. Qg3 Na5 18. Qg6 Qd7 19. Rf3 Bg5 20. cxd5 Qxd5 21. Rc1
Qd7 22. b4 Nc6 23. Bc4 Rae8 24. Qh5 f4 25. h4 Be7 26. Qg4 Bd8 27. Rxf4 Rxf4 28.
Qxf4 Qe7 29. g3 g5 30. Qg4 Kh8 31. h5 Na7 32. Rf1 b5 33. Bb3 Qd7 34. d5 Qc8 35.
Rf7 exd5 36. e6+ Kg8 37. Qf5 1-0

[Event "I Open"]
[Site "Omegna ITA"]
[Date "2013.07.06"]
[Round "4"]
[White "Mantovan, Giuseppe"]
[Black "Siclari, Giovanni"]
[WhiteElo "1825"]
[BlackElo "2054"]
[Result "0-1"]
[PlyCount "64"]
[EventDate "2013.07.04"]

1. d4 Nf6 2. c4 e6 3. Nc3 Bb4 4. e3 O-O 5. Nge2 d5 6. a3 Be7 7. Nf4 b6 8. cxd5
exd5 9. Bd3 Bb7 10. b4 c5 11. bxc5 bxc5 12. dxc5 Nbd7 13. Nfxd5 Nxd5 14. Nxd5
Bxd5 15. Bxh7+ Kxh7 16. Qxd5 Nf6 17. Qf3 Qd3 18. Bb2 Rfd8 19. Bd4 Bxc5 20. Rd1
Qxa3 21. O-O Bxd4 22. Rxd4 Rxd4 23. Qxa8 Rd7 24. Qc6 Qd6 25. Qc2+ Kg8 26. f3
Qb6 27. Qf2 Rc7 28. Qd2 Rd7 29. Qc2 g6 30. g4 Nd5 31. Qc8+ Rd8 32. Qc1 Nf4 0-1

[Event "I Open"]
[Site "Omegna ITA"]
[Date "2013.07.06"]
[Round "4"]
[White "Migliorini, Matteo"]
[Black "Chiodini, Pietro"]
[WhiteElo "2006"]
[BlackElo "1784"]
[Result "1-0"]
[PlyCount "74"]
[EventDate "2013.07.04"]

1. e4 e5 2. Nf3 Nc6 3. Bb5 Nge7 4. O-O a6 5. Ba4 Ng6 6. c3 b5 7. Bb3 Be7 8. d4
O-O 9. Be3 Kh8 10. dxe5 Ncxe5 11. Nxe5 Nxe5 12. Qd5 Nc6 13. Rd1 f5 14. exf5 Rb8
15. Bc2 Bg5 16. f6 Bxe3 17. fxg7+ Kxg7 18. fxe3 Qf6 19. Qd2 Bb7 20. Qe2 Kh8 21.
Rxd7 Ne7 22. e4 Qb6+ 23. Kh1 Rf2 24. Qd1 Rg8 25. Rd8 Rxc2 26. Rxg8+ Nxg8 27.
Qxc2 Qe3 28. Qd2 Qxe4 29. Qd4+ Qxd4 30. cxd4 Ne7 31. Nc3 Nf5 32. Re1 b4 33. Na4
Kg7 34. Nc5 Bc8 35. Ne6+ Kf6 36. Nxc7 Nxd4 37. Nd5+ Kf5 1-0

[Event "I Open"]
[Site "Omegna ITA"]
[Date "2013.07.06"]
[Round "4"]
[White "Nehyba, Martin"]
[Black "Lo Curto, Andrea"]
[WhiteElo "1525"]
[BlackElo "1586"]
[Result "1-0"]
[PlyCount "117"]
[EventDate "2013.07.04"]

1. e4 e6 2. d4 d5 3. e5 c5 4. c3 Nc6 5. Nf3 Qb6 6. b3 cxd4 7. cxd4 Bb4+ 8. Bd2
Nxd4 9. Bxb4 Qxb4+ 10. Nbd2 Nxf3+ 11. Qxf3 Qd4 12. Bb5+ Ke7 13. O-O Qxd2 14.
Rac1 Qa5 15. Rc5 f6 16. Rfc1 Qd8 17. Rc7+ Kf8 18. Qc3 a6 19. Rxc8 Rxc8 20. Qxc8
Qxc8 21. Rxc8+ Kf7 22. Bd3 fxe5 23. Rc7+ Kf6 24. Rxb7 Ne7 25. Bxa6 Ra8 26. Rb6
e4 27. a4 d4 28. Bc4 Re8 29. Rxe6+ Kf5 30. g4+ Kf4 31. Bb5 Rc8 32. Rxe7 d3 33.
Rd7 Kf3 34. Bxd3 exd3 35. Rxd3+ Kxg4 36. Rg3+ Kf4 37. Rxg7 Rc1+ 38. Kg2 Rc3 39.
Rxh7 Rxb3 40. a5 Rb8 41. Rh4+ Kg5 42. Ra4 Kf5 43. a6 Rg8+ 44. Kf3 Ke6 45. a7
Rf8+ 46. Ke4 Ra8 47. h4 Kd6 48. h5 Kc7 49. h6 Kb7 50. h7 Re8+ 51. Kf5 Ka8 52.
Kf6 Rc8 53. f4 Rc6+ 54. Kg5 Rc5+ 55. f5 Rc8 56. Kg6 Rd8 57. f6 Rc8 58. Kg7 Rc7+
59. f7 1-0

[Event "I Open"]
[Site "Omegna ITA"]
[Date "2013.07.06"]
[Round "4"]
[White "Rossi, Emanuele"]
[Black "Lo Curto, Davide"]
[WhiteElo "1564"]
[BlackElo "1416"]
[Result "1-0"]
[PlyCount "61"]
[EventDate "2013.07.04"]

1. e4 c5 2. Nc3 Nc6 3. Nf3 d6 4. Bb5 a6 5. Bxc6+ bxc6 6. O-O Nf6 7. d4 cxd4 8.
Nxd4 c5 9. Nde2 Bb7 10. Ng3 e5 11. Qe2 Qb6 12. Rd1 a5 13. Bg5 Ba6 14. Qf3 Be7
15. Bxf6 Bxf6 16. Nd5 Qd8 17. Nh5 Be7 18. Nxg7+ Kd7 19. Qxf7 Rg8 20. Nxe7 Qxe7
21. Rxd6+ Kxd6 22. Nf5+ Kc6 23. Nxe7+ Kb5 24. Nxg8 c4 25. Qd5+ Kb6 26. Qxa8 Bb7
27. Qd8+ Ka6 28. f3 c3 29. bxc3 a4 30. Rb1 h5 31. Qb6# 1-0

[Event "I Open"]
[Site "Omegna ITA"]
[Date "2013.07.06"]
[Round "4"]
[White "Salvati, Marcello"]
[Black "Ferri, Antonio"]
[WhiteElo "1422"]
[BlackElo "1650"]
[Result "0-1"]
[PlyCount "70"]
[EventDate "2013.07.04"]

1. d4 Nf6 2. Nf3 d5 3. e3 e6 4. Bd3 c5 5. c3 c4 6. Bc2 Nc6 7. Nbd2 b5 8. a3 Bd6
9. O-O O-O 10. e4 dxe4 11. Nxe4 Nxe4 12. Bxe4 Bb7 13. Re1 Qd7 14. Bxh7+ Kxh7
15. Ng5+ Kg6 16. Qg4 Bxh2+ 17. Kxh2 Rh8+ 18. Nh3+ Kh7 19. Kg1 f5 20. Qh5+ Kg8
21. Qg6 Re8 22. Bg5 Qf7 23. Nf4 Qxg6 24. Nxg6 Rh5 25. Bf4 Kf7 26. Ne5+ Nxe5 27.
dxe5 Reh8 28. Kf1 Rh1+ 29. Ke2 Rxe1+ 30. Rxe1 Bxg2 31. Rg1 Bd5 32. Be3 a6 33.
Bf4 Rh3 34. Rg3 Rh4 35. Bd2 Rh1 0-1

[Event "I Open"]
[Site "Omegna ITA"]
[Date "2013.07.06"]
[Round "4"]
[White "Schingaro, Angelo"]
[Black "Arabia, Allan"]
[WhiteElo "1719"]
[BlackElo "1534"]
[Result "1-0"]
[PlyCount "125"]
[EventDate "2013.07.04"]

1. e4 c6 2. d4 d5 3. e5 Bf5 4. Nf3 Nd7 5. Be2 e6 6. O-O Ne7 7. Be3 Bg4 8. Nbd2
Nf5 9. c4 c5 10. cxd5 exd5 11. dxc5 Bxc5 12. Bxc5 Nxc5 13. Bb5+ Nd7 14. Qa4
Bxf3 15. Nxf3 a6 16. Bd3 Ne7 17. Rfe1 O-O 18. Ng5 h6 19. e6 hxg5 20. exd7 b5
21. Qb4 Nc6 22. Qd6 Nb8 23. Qxd5 Qxd7 24. Qxa8 Qxd3 25. Qe4 Qd6 26. Rad1 Qf6
27. Qe5 Qc6 28. Qxg5 Nd7 29. Qd5 Qxd5 30. Rxd5 Nb6 31. Rd6 Nc4 32. Rxa6 Nxb2
33. Rb6 Nd3 34. Rd1 Rc8 35. g3 Nb4 36. Rxb5 Nxa2 37. Rb7 Nc3 38. Rdd7 Rf8 39.
Kg2 Ne4 40. Rb2 Nf6 41. Rdb7 g6 42. Rb8 Kg7 43. Rxf8 Kxf8 44. h3 Kg7 45. Rb5
Ne8 46. f4 Kh6 47. Kf3 Nd6 48. Rd5 Ne8 49. g4 Kg7 50. h4 Nf6 51. Rb5 Ne8 52.
Rb6 Nf6 53. Rxf6 Kxf6 54. Ke4 Ke6 55. h5 gxh5 56. gxh5 f5+ 57. Kd4 Kf6 58. Kd5
Kg7 59. Ke5 Kh6 60. Kxf5 Kxh5 61. Ke6 Kg6 62. f5+ Kg7 63. Ke7 1-0

[Event "I Open"]
[Site "Omegna ITA"]
[Date "2013.07.06"]
[Round "4"]
[White "Vitale, Alessandro"]
[Black "Penna, Tommaso"]
[WhiteElo "1774"]
[BlackElo "1947"]
[Result "1/2-1/2"]
[PlyCount "117"]
[EventDate "2013.07.04"]

1. f4 Nf6 2. Nf3 g6 3. e3 Bg7 4. d4 c5 5. c3 O-O 6. Bd3 d6 7. O-O Nc6 8. d5
Nxd5 9. Bxg6 hxg6 10. Qxd5 e6 11. Qb3 Na5 12. Qc2 d5 13. Rd1 Bd7 14. e4 dxe4
15. Ne5 Bxe5 16. fxe5 Qc7 17. Rxd7 Qxd7 18. Bg5 Qd3 19. Qxd3 exd3 20. Nd2 Nc6
21. Bf6 g5 22. Re1 Kh7 23. Re3 g4 24. Rxd3 Rad8 25. Bxd8 Rxd8 26. Rxd8 Nxd8 27.
Ne4 Kg6 28. Nxc5 Kf5 29. Kf2 Kxe5 30. Ke3 f5 31. Nd3+ Kd5 32. b3 e5 33. c4+ Ke6
34. b4 b6 35. a4 f4+ 36. Ke4 Nf7 37. Nf2 Nd6+ 38. Kd3 Kf5 39. c5 bxc5 40. bxc5
e4+ 41. Kd4 e3 42. Nd3 Ne8 43. g3 fxg3 44. hxg3 e2 45. Ke3 a5 46. Kxe2 Ke4 47.
Nf2+ Kd5 48. Nxg4 Kxc5 49. Kd3 Kb4 50. Ne5 Kxa4 51. Nc6 Kb5 52. Nxa5 Kxa5 53.
Ke4 Kb6 54. Ke5 Kc6 55. Ke6 Ng7+ 56. Kf7 Kd5 57. g4 Ke5 58. g5 Kf5 59. g6
1/2-1/2

[Event "I Open"]
[Site "Omegna ITA"]
[Date "2013.07.06"]
[Round "4"]
[White "Wilen, Eero"]
[Black "Bianchi, Simone"]
[WhiteElo "2058"]
[BlackElo "1814"]
[Result "1/2-1/2"]
[PlyCount "105"]
[EventDate "2013.07.04"]

1. d4 d5 2. c4 e6 3. Nc3 Nf6 4. Bg5 Nbd7 5. e3 c6 6. Nf3 Qa5 7. Nd2 Bb4 8. Qc2
O-O 9. Be2 dxc4 10. Bxf6 Nxf6 11. Nxc4 Qd8 12. a3 Be7 13. b4 Nd5 14. O-O Re8
15. Rfd1 Bf8 16. g3 g6 17. e4 Nb6 18. e5 f5 19. exf6 Nxc4 20. Bxc4 Qxf6 21. f4
Kh8 22. Ne4 Qd8 23. Ng5 Re7 24. Qe4 Qd6 25. Qe5+ Qxe5 26. dxe5 h6 27. Ne4 Kg7
28. Rd8 Rd7 29. Rxd7+ Bxd7 30. Nf6 Bc8 31. Rd1 Be7 32. Ne8+ Kf7 33. Nc7 Rb8 34.
g4 b5 35. Bb3 a5 36. f5 gxf5 37. gxf5 axb4 38. axb4 Bxb4 39. Nxe6 Bxe6 40.
Bxe6+ Kf8 41. Rb1 c5 42. Kf2 Rd8 43. Rg1 c4 44. Rg8+ Ke7 45. Rg7+ Ke8 46. f6 c3
47. Bb3 c2 48. Rc7 Be1+ 49. Ke3 Bd2+ 50. Ke4 c1=Q 51. Re7+ Kf8 52. Rf7+ Ke8 53.
Re7+ 1/2-1/2

[Event "I Open"]
[Site "Omegna ITA"]
[Date "2013.07.06"]
[Round "4"]
[White "Zahner, Rolf"]
[Black "Cavagna, Marco"]
[WhiteElo "1667"]
[BlackElo "1461"]
[Result "0-1"]
[PlyCount "71"]
[EventDate "2013.07.04"]

1. e4 c5 2. Be2 Nc6 3. Nf3 d6 4. O-O g6 5. c3 Bg7 6. d3 Nf6 7. Bg5 O-O 8. Qd2
Be6 9. Bh6 Ng4 10. Bxg7 Kxg7 11. Ng5 Qd7 12. Nxe6+ Qxe6 13. h3 Nh6 14. f4 f5
15. Qe3 b6 16. Qf3 fxe4 17. dxe4 Qc8 18. Qe3 e6 19. Nd2 d5 20. Rac1 d4 21. Qg3
Qb7 22. Bc4 Rae8 23. Qe1 b5 24. Be2 c4 25. cxd4 Nxd4 26. Bd1 Qb6 27. Kh2 Qc7
28. Qf2 Nc6 29. g3 Rd8 30. Rc3 Ne5 31. Bc2 Neg4+ 32. hxg4 Nxg4+ 33. Kg2 Nxf2
34. Rxf2 e5 35. b3 exf4 36. gxf4 0-1

[Event "I Open"]
[Site "Omegna ITA"]
[Date "2013.07.06"]
[Round "5"]
[White "Arabia, Allan"]
[Black "Frignani, Alessandro"]
[WhiteElo "1534"]
[BlackElo "1401"]
[Result "1-0"]
[PlyCount "109"]
[EventDate "2013.07.04"]

1. d4 d5 2. c4 c6 3. Nc3 Nf6 4. Nf3 h6 5. Bf4 Bf5 6. Qb3 Qb6 7. cxd5 Qxb3 8.
axb3 Nxd5 9. Nxd5 cxd5 10. Bxb8 Rxb8 11. Rxa7 e6 12. e3 Bc2 13. Nd2 Bb4 14.
Bb5+ Kd8 15. Ke2 Bxd2 16. Kxd2 Bxb3 17. Rc1 Rf8 18. Ra3 Bc4 19. Bxc4 dxc4 20.
Rxc4 Re8 21. Rca4 Kd7 22. Rb4 Rec8 23. Rc3 g5 24. Rxc8 Kxc8 25. Kd3 Kd7 26. Ke4
f6 27. Rb6 Rc8 28. Rxb7+ Kd6 29. Rb6+ Kd7 30. Rb7+ Kd6 31. Rh7 Rc2 32. Kf3 g4+
33. Kg3 Rxb2 34. Rxh6 f5 35. h3 gxh3 36. gxh3 Kd5 37. Kf3 Rb1 38. h4 Rh1 39. h5
Rh4 40. Rh8 Kd6 41. h6 Ke7 42. h7 Kf7 43. Ra8 Kg7 44. h8=Q+ Rxh8 45. Rxh8 Kxh8
46. Kf4 Kg7 47. Ke5 Kf7 48. f3 Ke7 49. d5 exd5 50. Kxf5 Kd6 51. f4 Kc5 52. Ke5
Kc6 53. Ke6 Kc5 54. f5 Kc4 55. f6 1-0

[Event "I Open"]
[Site "Omegna ITA"]
[Date "2013.07.06"]
[Round "5"]
[White "Bianchi, Simone"]
[Black "Buzio, Alberto"]
[WhiteElo "1814"]
[BlackElo "1863"]
[Result "1/2-1/2"]
[PlyCount "71"]
[EventDate "2013.07.04"]

1. e4 c5 2. Nf3 a6 3. d4 cxd4 4. Nxd4 Nf6 5. Nc3 e5 6. Nf3 Bb4 7. Bd3 d5 8.
Nxe5 Bxc3+ 9. bxc3 dxe4 10. Bc4 Qxd1+ 11. Kxd1 O-O 12. Ba3 Rd8+ 13. Ke2 Bg4+
14. f3 Be6 15. Be7 Re8 16. Bxf6 gxf6 17. Bxe6 Rxe6 18. Ng4 Nc6 19. fxe4 f5 20.
Nf2 Rc8 21. Rad1 Na5 22. Rd3 fxe4 23. Rg3+ Kf8 24. Rd1 Nc6 25. Rd5 Ne7 26. Rh5
h6 27. Ng4 Rcc6 28. Ne5 Rcd6 29. Rgh3 Nd5 30. Nc4 Rd8 31. R5h4 b5 32. Na3 e3
33. Nb1 Rf6 34. Rf3 Rxf3 35. Kxf3 Rd6 36. Re4 1/2-1/2

[Event "I Open"]
[Site "Omegna ITA"]
[Date "2013.07.06"]
[Round "5"]
[White "Cavagna, Marco"]
[Black "Maffeo, Mauro"]
[WhiteElo "1461"]
[BlackElo "1724"]
[Result "0-1"]
[PlyCount "66"]
[EventDate "2013.07.04"]

1. d4 e6 2. Nf3 f5 3. c4 Nf6 4. Nc3 c6 5. e3 d5 6. c5 Be7 7. Bd3 Ne4 8. Nxe4
fxe4 9. Ne5 O-O 10. Bc2 Nd7 11. Nxd7 Bxd7 12. O-O e5 13. b4 exd4 14. exd4 Bf6
15. Be3 Qe7 16. Qd2 Rae8 17. a4 b6 18. Rac1 Bg4 19. Bb3 Qf7 20. cxb6 axb6 21.
Rfe1 Bd7 22. Qa2 Qg6 23. Kh1 h5 24. b5 cxb5 25. Bxd5+ Kh8 26. Bb3 bxa4 27. Bxa4
Ra8 28. Qb1 Bxa4 29. Qxb6 h4 30. h3 Rab8 31. Qd6 Rfd8 32. Qa3 Qe8 33. Rc4 Bb5
0-1